Monuments d'architecture, de sculpture et de peinture de l'Allemagne depuis l'établissement du christianisme jusqu'aux temps modernes / (Record no. 54418)

MARC details
000 -LEADER
campo de control de longitud fija 00894nam a22002295i 4500
001 - NÚMERO DE CONTROL
campo de control 54418
003 - IDENTIFICADOR DE NÚMERO DE CONTROL
campo de control ES-MaACL
005 - FECHA Y HORA DE LA ÚLTIMA TRANSACCIÓN
campo de control 20250811215043.0
007 - CAMPO FIJO DE DESCRIPCIÓN FÍSICA--INFORMACIÓN GENERAL
campo de control de longitud fija t|
008 - DATOS DE LONGITUD FIJA--INFORMACIÓN GENERAL
campo de control de longitud fija 960723m18591867fr ||||1| fre d
040 ## - FUENTE DE CATALOGACIÓN
Centro catalogador/agencia de origen CAM
Lengua de catalogación spa
Centro/agencia transcriptor CAM
245 00 - MENCIÓN DEL TÍTULO
Título Monuments d'architecture, de sculpture et de peinture de l'Allemagne depuis l'établissement du christianisme jusqu'aux temps modernes /
Mención de responsabilidad, etc. publiés par Ernest Förster ; traduit de l'allemand [par W. et E. de Suckau].
260 ## - PUBLICACIÓN, DISTRIBUCIÓN, ETC.
Lugar de publicación, distribución, etc. Paris :
Nombre del editor, distribuidor, etc. A. Morel et Cie.,
Fecha de publicación, distribución, etc. 1859-1867 (
Fabricante Imprimerie de J. Claye)
300 ## - DESCRIPCIÓN FÍSICA
Extensión 8 v. ;
Dimensiones 36 cm.
505 8# - NOTA DE CONTENIDO CON FORMATO
Nota de contenido con formato Contiene: Architecture (4 v.) -- Peinture (2 v.) -- Sculpture (2 v.)
650 #7 - PUNTO DE ACCESO ADICIONAL DE MATERIA--TÉRMINO DE MATERIA
Término de materia o nombre geográfico como elemento de entrada Arte alemán
Fuente del encabezamiento o término embne
9 (RLIN) 10153
700 1# - ENTRADA AGREGADA--NOMBRE PERSONAL
Nombre de persona Forster, Ernest.
9 (RLIN) 51822
700 1# - ENTRADA AGREGADA--NOMBRE PERSONAL
Nombre de persona Suckau, Wilhelm de.
9 (RLIN) 108710
700 1# - ENTRADA AGREGADA--NOMBRE PERSONAL
Nombre de persona Suckau, Edouard de.
9 (RLIN) 108709
852 ## - LOCALIZACIÓN
Ubicación ES-MaACL
Número de control de estantería C-1770-7
Holdings
Estatus retirado Estado de pérdida Estado de daño No para préstamo Colección Biblioteca de origen Biblioteca actual Ubicación en estantería Fecha de adquisición Fuente de adquisición Total de préstamos Signatura topográfica completa Código de barras Visto por última vez Precio de reemplazo Tipo de ítem Koha
        Libros del s. XIX Biblioteca del Ateneo de Madrid Biblioteca del Ateneo de Madrid Galería 17/01/2008     C-1770-7 1057182 23/02/2023 23/02/2023 Libro impreso antiguo